Kadra reprezentacji Belgii na Euro 2024 - Statystyki

Ogólne statystyki
  • Ten quiz został rozwiązany 278 razy
  • Średni wynik to 11 z 25
Statystyki odpowiedzi
Zawodnik Pozycja Klub % Poprawnych
Kevin De Bruyne Pomocnik Manchester City
87%
Romelu Lukaku Napastnik AS Roma
87%
Jérémy Doku Napastnik Manchester City
77%
Leandro Trossard Napastnik Arsenal
67%
Loïs Openda Napastnik RB Lipsk
67%
Axel Witsel Obrońca Atlético Madryt
63%
Amadou Onana Pomocnik Everton
56%
Youri Tielemans Pomocnik Aston Villa
56%
Wout Faes Obrońca Leicester City
53%
Matz Sels Bramkarz Nottingham Forest
52%
Koen Casteels Bramkarz VfL Wolfsburg
49%
Yannick Carrasco Napastnik Al-Szabab
48%
Dodi Lukébakio Napastnik Sevilla
45%
Thomas Kaminski Bramkarz Luton Town
44%
Jan Vertonghen Obrońca Anderlecht
38%
Johan Bakayoko Napastnik PSV Eindhoven
35%
Timothy Castagne Obrońca Fulham
35%
Charles De Ketelaere Pomocnik Atalanta
28%
Arthur Theate Obrońca Stade Rennais
25%
Thomas Meunier Obrońca Trabzonspor
21%
Orel Mangala Pomocnik Olympique Lyon
20%
Maxim De Cuyper Obrońca Club Brugge
17%
Zeno Debast Obrońca Anderlecht
16%
Arthur Vermeeren Pomocnik Atlético Madryt
15%
Aster Vranckx Pomocnik VfL Wolfsburg
10%
Nie znaleziono quizów pasujących do podanych kryteriów
Rozkład punktacji
Procent ludzi z każdym wynikiem
Percentyl według liczby udzielonych odpowiedzi
Twoja historia wyników
Nie rozwiązałeś tego quizu